000 00477nam a2200157Ia 4500
999 _c18433
_d18433
082 _aRR 028.7 PRI;
245 0 _aPrinted reference material: handbooks on library practice
260 _aNew Delhi
_bOxford & IBH Publishing
_c1980
300 _axi, 520p.
504 _aIncludes index/Reference book
650 _aInformation resources
650 _aLibrary science - Handbooks, manuals, etc.
650 _aReference books - Reviews
700 _aHiggens, Gavin
942 _cBK